000 00911nam a2200253Ia 4500
003 OSt
005 20220923215203.0
006 a|||||r|||| 00| 0
007 ta
008 220922b |||||||| |||| 00| 0 hin d
024 _a176,402
037 _cTextual
040 _aARTS
_cARTS
_bhin
041 _2hin
_ahin
082 _aO152,1:g, M8
100 _aचिटकी, विधा केशव
245 0 _aहिन्दी एकार्थ काव्य
_b स्वरूप एवं विश्लेषण
246 _aHindī ekārtha kāvya: svarūp evan vishleṣhaṇa
260 _aनाशिक रोड
_b कौस्तुभ प्रकाशन
_c1988
300 _a348 पृ.
_ccm.
650 _aहिन्दी साहित्य
_9156264
942 _hO152,1:g, M8
_cTEXL
_2CC
999 _c329952
_d329952